| 000 | 01850cam a22004694i 4500 | ||
|---|---|---|---|
| 003 | PE-LiUPU | ||
| 005 | 20250731165540.0 | ||
| 008 | 150625s1984 sp a r 000 0 spa d | ||
| 035 | _a(Sirsi) a33040 | ||
| 035 | _a(Sirsi) a33040 | ||
| 040 |
_aPE-LiUPU _bspa _cPE-LiUPU _erda |
||
| 082 | 0 | 4 |
_a905.94 _bB71 _221 |
| 100 | 1 |
_aBoladeres Ibern, Guillermo De, _eautor. |
|
| 245 | 1 | 0 |
_aHistoria de las naciones : _bpopular, concísa, Píntoresca y autorizada relación de cada una de las naciones desde los tiempos mas remotos hasta nuestros días. _n4 / _cGuillermo de Beladeres Ibern. |
| 264 | 1 |
_aBarcelona : _bSegui, _c1984. |
|
| 300 |
_a482, páginas : _bilustraciones ; _c26 centímetros |
||
| 336 |
_atext _2rdacontent |
||
| 337 |
_aunmediated _2rdamedia |
||
| 338 |
_avolume _2rdacarrier |
||
| 505 | 0 | _aHistoria de las naciones. | |
| 526 | _aSEG44 | ||
| 526 | _aSEG26 | ||
| 526 | _aP151 | ||
| 526 | _aP150 | ||
| 526 | _aP149 | ||
| 526 | _aP146 | ||
| 526 | _aP145 | ||
| 526 | _aP126 | ||
| 526 | _aP125 | ||
| 526 | _aP92 | ||
| 526 | _aP75 | ||
| 526 | _aP74 | ||
| 526 | _aP27 | ||
| 526 | _aP15 | ||
| 942 |
_2ddc _cBOOK |
||
| 949 |
_aRC 905.94 B71 4 _wDEWEY _c1 _i16423 _lRC _mBUL _r0 _sY _tBOOK _u2015-6-25 _xBIBLIOTECA _zUNKNOWN _0COMPRA _o.CIRCNOTE. No olvidar cambiar la fecha de devolución!!!!!!! _o.STAFF. Colección General |
||
| 994 |
_aC0 _bPEPRU |
||
| 596 | _a1 | ||
| 999 |
_aRC 905.94 B71 4 _wDEWEY _c40759 _i16423 _f2021-11-8 _g6 _lRCG _mBUL _p30.00 _r1 _sY _tBOOK _u2015-6-25 _xBIBLIOTECA _zUNKNOWN _0COMPRA _o.CIRCNOTE. No olvidar cambiar la fecha de devolución!!!!!!! _o.STAFF. Colección General _d40759 |
||
| 999 |
_aRC 905.94 B71 4 _wDEWEY _c2 _i16420 _f2021-11-8 _g3 _lRCG _mBUL _p30.00 _r1 _sY _tBOOK _u2019-6-17 _xBIBLIOTECA _0COMPRA _o.STAFF. Colección general |
||
| 980 |
_81 _gALBERTO SANCHEZ Responsable de Automatización |
||